|
|
|
|
| LEADER |
01995nkm a2200457 a 4500 |
| 001 |
mzk03001079766 |
| 003 |
CZ BrMZK |
| 005 |
20170223090724.0 |
| 007 |
kh bo| |
| 008 |
100312s1897 gw ||| f || h|czeod |
| 040 |
|
|
|a BOA001
|b cze
|
| 041 |
0 |
|
|a cze
|a ger
|
| 072 |
|
7 |
|a 72
|x Architektura
|2 Konspekt
|9 21
|
| 072 |
|
7 |
|a 77
|x Fotografie. Fotografické postupy
|2 Konspekt
|9 21
|
| 080 |
|
|
|a (084.12)
|2 MRF
|
| 080 |
|
|
|a 721:904
|2 MRF
|
| 080 |
|
|
|a (437.322)
|2 MRF
|
| 245 |
0 |
0 |
|a Brno. Městské divadlo
|h [grafika] -
|b 6807. Brünn, Theater.
|n 263 /
|c Verlag v. Römmler & Jonas, K.S. Hof-Photogr. Dresden 1897
|
| 246 |
3 |
3 |
|a Malinovského náměstí, budova městského divadla, dnes Mahenova (Römmler a Jonas č. 6807)
|h [grafika]
|
| 246 |
3 |
3 |
|a Bruna Antiqua
|h [grafika]
|
| 246 |
3 |
1 |
|a Brünn, Theater.
|h [grafika]
|
| 246 |
3 |
3 |
|a Městské divadlo
|h [grafika]
|
| 260 |
|
|
|a Dresden
|b Verlag v. Römmler & Jonas, K.S. Hof-Photogr.,
|c 1897
|
| 300 |
|
|
|a 1 list :
|b fotografie ;
|c 108 x 165 mm
|
| 500 |
|
|
|a Pohlednice - fotografie nalepená na kartonu a červeně orámovaná s názvem a vydavatelskými údaji
|
| 500 |
|
|
|a Soubor fotografií uložených v albu, tzv. Bruna Antiqua
|
| 501 |
|
|
|a Přívazek 272 k: Bruna Antiqua
|
| 546 |
|
|
|a Souběžný český a německý název
|
| 610 |
2 |
4 |
|a Mahenovo divadlo
|7 kn20010709308
|
| 650 |
0 |
7 |
|a historické budovy
|7 ph120726
|2 czenas
|
| 651 |
|
7 |
|a Brno (Česko)
|7 ge134084
|2 czenas
|
| 651 |
|
4 |
|a Malinovského náměstí (Brno, Česko)
|
| 655 |
|
7 |
|a fotografie
|7 fd132277
|2 czenas
|
| 700 |
1 |
|
|a Römmler, Emil,
|d 1842-1941
|7 mzk2010574965
|4 pbl
|
| 700 |
1 |
|
|a Jonas, Leopold Erasmus
|4 pbl
|
| 856 |
4 |
1 |
|u http://www.digitalniknihovna.cz/mzk/view/uuid:eafd4a7d-1ecb-47a4-99a6-479d9aa5edcc
|y Digitalizovaný dokument (klikněte pro zobrazení)
|
| 910 |
|
|
|a BOA001
|b Skř.1-0179.216,přív.272
|
| 985 |
|
|
|a 1851-1900
|
| 990 |
|
|
|a GP
|
| 991 |
|
|
|k mzk
|
| 994 |
|
|
|a UP
|l MZK03
|b 001077035
|m přívazek 272
|n záznam 1. díla (pro objednání pokračujte kliknutím)
|